| 000 | 00411nam a2200169Ia 4500 | ||
|---|---|---|---|
| 008 | 230917s9999||||xx |||||||||||||| ||und|| | ||
| 020 | _cRS14 | ||
| 040 |
_e36603 _aMAIN |
||
| 041 | _aEnglish | ||
| 082 | _a954.01 G562A | ||
| 100 | _aGokhale, B G | ||
| 245 | 0 | _aAncient India: History and culture | |
| 250 | _a4th ed. | ||
| 260 |
_aBombay _bAssia Publishing House _c1970 |
||
| 300 | _a224 p. | ||
| 942 | _cBK | ||
| 999 |
_c190365 _d190365 |
||